Library Banner

Apraxia (Record no. 86593)

MARC details
000 -LEADER
fixed length control field 00476nam a2200181Ia 4500
001 - CONTROL NUMBER
control field 73484
008 - FIXED-LENGTH DATA ELEMENTS--GENERAL INFORMATION
fixed length control field 160622s9999||||xx |||||||||||||| ||und||
020 ## - INTERNATIONAL STANDARD BOOK NUMBER
International Standard Book Number 9780199591510
040 ## - CATALOGING SOURCE
Transcribing agency PK-LaUMT
082 ## - DEWEY DECIMAL CLASSIFICATION NUMBER
Classification number 616.8552
Item number GOL-A
100 ## - MAIN ENTRY--PERSONAL NAME
Personal name Goldenberg, George
245 ## - TITLE STATEMENT
Title Apraxia
Remainder of title the cognitive side of motor control/
Statement of responsibility, etc Goldenberg, George
260 ## - PUBLICATION, DISTRIBUTION, ETC. (IMPRINT)
Place of publication, distribution, etc Oxford,USA:
Name of publisher, distributor, etc Oxford University Press,
Date of publication, distribution, etc 2013
300 ## - PHYSICAL DESCRIPTION
Extent 273 p.
546 ## - LANGUAGE NOTE
Language note EN
650 ## - SUBJECT ADDED ENTRY--TOPICAL TERM
Topical term or geographic name as entry element Aproxia
942 ## - ADDED ENTRY ELEMENTS (KOHA)
Koha item type Books
Holdings
Withdrawn status Lost status Damaged status Not for loan Home library Current library Date acquired Total Checkouts Full call number Barcode Date last seen Price effective from Koha item type
        UMT Main Campus UMT Main Campus 2016-06-21   616.8552 GOL-A 100155 2016-06-22 2016-06-22 Books